000 00715nam a2200193Ia 4500
003 GCL
008 140319s9999 xx 000 0 ara d
020 _a7164319953
040 _aGCL /
_cGCL
082 0 4 _a338.952
_bم ن
100 1 _aمسعود ضاهر
245 1 0 _aالنهضة اليابانية المعاصرة :
_bالدروس المستفادة عربيا /
_cمسعود ضاهر
260 _aبيروت :
_bمركز دراسات الوحدة العربية ،
_c2002
300 _a478 ص ؛
_c32 سم
650 0 4 _aالتخطيط الاقتصادى
650 0 4 _aاليابان - التنمية الاقتصادية
650 0 4 _aاليابان - الاحوال السياسية
942 _2ddc
_cBK
999 _c3198
_d3198